000 00840nam a22001457a 4500
999 _c521055
_d521055
008 221208b ||||| |||| 00| 0 eng d
100 _aChandra, Sharad
_936117
245 _aCoastal erosion
260 _aYojana
300 _a66(11), Nov, 2022: p.17-28
520 _aCoastal erosion is wearing away and redistributing sold elements of the shoreline as well as sediment, normally by such natural forces as waves, tidal and littoral currents, and deflation. The causes of erosion are either natural or man-made. Sometime, it is combination of both, natural and man-made factors. While the former is a relentless process that is often impossible to resists, the latter is often due to ill-planned activities and can certainly be contained, or even revered. – Reproduced
773 _aYojana
906 _aENVIRONMENT
942 _cAR